Les applications techniques de la logique /

Guardado en:
Autor Principal: Touchais, Maurice, 1904-
Otros Autores: Lehmann, G. (Autor de introducción, etc.)
Formato: Libro
Idioma:French
Publicado: Paris : Dunod, 1956.
Etiquetas: Agregar Etiqueta
Sin Etiquetas, Sea el primero en etiquetar este registro!
LEADER 00538nam a22001695a 4500
001 MAT.inmabb001183
008 031120s1956####fr############000#0#fre#d
005 20170811164621.0
245 1 4 |a Les applications techniques de la logique /  |c par M. Touchais ; préface de G. Lehmann. 
260 |a Paris :  |b Dunod,  |c 1956. 
300 |a xix, 81 p. ;  |c 24 cm. 
510 4 |a MR,  |c 20 #5736 
100 1 |a Touchais, Maurice,  |d 1904- 
700 1 |a Lehmann, G.  |4 aui 
084 |a 03-XX  |a 93-XX  |2 msc2000 
010 |a  57016317  
859 |h 03  |i T722  |p A-1257  |b BIB. MATEMATICA